LIBRARY ONLINE CATALOGUE

The Sugar industry in East Africa / (Record no. 13384)

MARC details
000 -LEADER
fixed length control field 00569nam a22001932 4500
001 - CONTROL NUMBER
control field 0000011773
005 - DATE AND TIME OF LATEST TRANSACTION
control field 20151217155847.0
008 - FIXED-LENGTH DATA ELEMENTS--GENERAL INFORMATION
fixed length control field 090107s xx 000 0 eng d
040 ## - CATALOGING SOURCE
Original cataloging agency KABU
Transcribing agency KABU
100 1# - MAIN ENTRY--PERSONAL NAME
Personal name Frank, Charles R.
-- 0000167772
245 14 - TITLE STATEMENT
Title The Sugar industry in East Africa /
Statement of responsibility, etc. Charles R. Frank.
250 ## - EDITION STATEMENT
Edition statement 1st ed.
260 ## - PUBLICATION, DISTRIBUTION, ETC. (IMPRINT)
Place of publication, distribution, etc. Nairobi :
Name of publisher, distributor, etc. E. A. P. H.,
Date of publication, distribution, etc. [1965]
300 ## - PHYSICAL DESCRIPTION
Extent 115 p.
650 #0 - SUBJECT ADDED ENTRY--TOPICAL TERM
Topical term or geographic name as entry element Sugar trade
General subdivision Africa, East.
-- 0000167773
852 1# - LOCATION
-- p300 KES
908 ## - PUT COMMAND PARAMETER (RLIN)
Put command parameter 090107
950 ## - LOCAL HOLDINGS (RLIN)
-- 1
Holdings
Withdrawn status Lost status Source of classification or shelving scheme Not for loan Home library Current library Date acquired Total Checkouts Full call number Barcode Date last seen Price effective from Koha item type
    Library of Congress Classification   Kabarak, Main Campus Kabarak, Main Campus 17/12/2015   HD9117 .E2F73 c. 1 15919 17/12/2015 17/12/2015 Africana Collection